| 000 -LEADER |
| fixed length control field |
01652cam a22003854a 4500 |
| 001 - CONTROL NUMBER |
| control field |
12776205 |
| 005 - DATE AND TIME OF LATEST TRANSACTION |
| control field |
20200630131313.0 |
| 008 - FIXED-LENGTH DATA ELEMENTS--GENERAL INFORMATION |
| fixed length control field |
020515s2002 ne b 001 0 eng |
| 010 ## - LIBRARY OF CONGRESS CONTROL NUMBER |
| LC control number |
2002069490 |
| 020 ## - INTERNATIONAL STANDARD BOOK NUMBER |
| International Standard Book Number |
1402006195 (alk. paper) |
| 020 ## - INTERNATIONAL STANDARD BOOK NUMBER |
| International Standard Book Number |
9781402006197 |
| 040 ## - CATALOGING SOURCE |
| Original cataloging agency |
DLC |
| Transcribing agency |
DLC |
| Modifying agency |
DLC |
| 041 ## - LANGUAGE CODE |
| Language code of text/sound track or separate title |
eng |
| 042 ## - AUTHENTICATION CODE |
| Authentication code |
pcc |
| 050 00 - LIBRARY OF CONGRESS CALL NUMBER |
| Classification number |
QA329.6 |
| Item number |
.E36 2002 |
| 080 ## - UNIVERSAL DECIMAL CLASSIFICATION NUMBER |
| Universal Decimal Classification number |
515.723 E-24 |
| 082 00 - DEWEY DECIMAL CLASSIFICATION NUMBER |
| Classification number |
515/.723 |
| Edition number |
21 |
| 100 1# - MAIN ENTRY--PERSONAL NAME |
| Personal name |
Edmunds, D. E. |
| Fuller form of name |
(David Eric) |
| 9 (RLIN) |
8907 |
| 245 10 - TITLE STATEMENT |
| Title |
Bounded and compact integral operators / |
| Statement of responsibility, etc. |
by David E. Edmunds, Vakhtang Kokilashvili, and Alexander Meskhi. |
| 260 ## - PUBLICATION, DISTRIBUTION, ETC. |
| Place of publication, distribution, etc. |
Dordrecht ; |
| -- |
Boston : |
| Name of publisher, distributor, etc. |
Kluwer Academic Publishers, |
| Date of publication, distribution, etc. |
c2002. |
| 300 ## - PHYSICAL DESCRIPTION |
| Extent |
xvi, 643 p. ; |
| Dimensions |
25 cm. |
| 490 1# - SERIES STATEMENT |
| Series statement |
Mathematics and its applications ; |
| Volume/sequential designation |
v. 543 |
| 504 ## - BIBLIOGRAPHY, ETC. NOTE |
| Bibliography, etc. note |
Includes bibliographical references (p. 622-639) and index. |
| 650 #0 - SUBJECT ADDED ENTRY--TOPICAL TERM |
| Topical term or geographic name entry element |
Integral operators. |
| 9 (RLIN) |
8685 |
| 653 ## - INDEX TERM--UNCONTROLLED |
| keyword |
მათემატიკა |
| 653 ## - INDEX TERM--UNCONTROLLED |
| keyword |
ინტეგრალები |
| 700 1# - ADDED ENTRY--PERSONAL NAME |
| Personal name |
Kokilashvili, V. M. |
| Fuller form of name |
(Vakhtang Mikhaĭlovich) |
| Relator term |
ავტორი |
| 9 (RLIN) |
8354 |
| 700 1# - ADDED ENTRY--PERSONAL NAME |
| Personal name |
Meskhi, Alexander. |
| Relator term |
ავტორი |
| 9 (RLIN) |
8357 |
| 830 #0 - SERIES ADDED ENTRY--UNIFORM TITLE |
| Uniform title |
Mathematics and its applications (Kluwer Academic Publishers) ; |
| Volume/sequential designation |
v. 543. |
| 9 (RLIN) |
8688 |
| 856 42 - ELECTRONIC LOCATION AND ACCESS |
| Materials specified |
Publisher description |
| Uniform Resource Identifier |
http://www.loc.gov/catdir/enhancements/fy0822/2002069490-d.html |
| 856 41 - ELECTRONIC LOCATION AND ACCESS |
| Materials specified |
Table of contents only |
| Uniform Resource Identifier |
http://www.loc.gov/catdir/enhancements/fy0822/2002069490-t.html |
| 906 ## - LOCAL DATA ELEMENT F, LDF (RLIN) |
| a |
7 |
| b |
cbc |
| c |
orignew |
| d |
1 |
| e |
ocip |
| f |
20 |
| g |
y-gencatlg |
| 942 ## - ADDED ENTRY ELEMENTS (KOHA) |
| Source of classification or shelving scheme |
|
| Koha item type |
წიგნი |